000 00363 a2200169 4500
001 73504
020 _a850806469-1
040 _cAnchieta - Colégio São Paulo
100 _aAlencar, José de
240 1 0 _aEncarnação
_lpor
245 1 0 _aEncarnação
300 _a88
362 0 _a2002
440 1 _aÁtica
650 4 _aFicção brasileira
942 _cBK
999 _c73504
_d73504